| 000 | 00834cam a2200229 a 4500 | ||
|---|---|---|---|
| 001 | 000011789 | ||
| 005 | 20200929162551.0 | ||
| 008 | 840814s1969 sp ad 000 0 spa | ||
| 040 |
_aDO-SdBNP _bspa _cCarP _dDLC _dBNPHU |
||
| 082 |
_a410 _bC834t, 1969 |
||
| 100 | 1 |
_aCoseriu, Eugenio. _qEugen Coşeriu o Eugeniu Coşeriu, _d1921-2002. _927895 |
|
| 245 | 1 | 0 |
_aTeoría del lenguaje y lingüística general : _bcinco estudios / _cCoseriu, Eugenio. |
| 250 | _a2a ed. | ||
| 260 |
_aMadrid : _bGredos, _c[1969]. |
||
| 300 |
_a323 p. : _bil., tab. ; _c21 cm. |
||
| 490 | 1 |
_aBiblioteca Romántica hispánica _v61 _aEstudios y Ensayos |
|
| 650 | 4 |
_aLingüistica _919041 |
|
| 650 | 4 |
_aLenguaje y lenguas _9407 |
|
| 830 | 0 |
_aBiblioteca Romántica hispánica ; _v61, _pEstudios y Ensayos. _927896 |
|
| 910 | _aCatalogación derivada | ||
| 049 | _aBNGR | ||
| 999 |
_c11463 _d11463 |
||